Sports Quiz

Random Sports or Decade Quiz

F1 drivers with best win percentage Quiz Stats

Quiz not verified by Sporcle

Challenge
Share
Tweet
Embed
Score 0/34 Timer 05:00
0 Plays Today
Win % Driver % Correct
47,06%Juan Manuel Fangio
95.6%
29,74%Michael Schumacher
95.6%
23,60%Sebastian Vettel
94.5%
28,19%Lewis Hamilton
92.3%
25,47%Ayrton Senna
91.7%
25,63%Alain Prost
91.2%
14,62%Niki Lauda
91.2%
11,72%Fernando Alonso
90.1%
12,42%Mika Häkkinen
89.5%
40,63%Alberto Ascari
85.1%
27,27%Jackie Stewart
84.5%
19,13%Damon Hill
84.5%
11,27%Nelson Piquet
82.3%
16,58%Nigel Mansell
81.8%
34,72%Jim Clark
80.1%
11,11%Jack Brabham
79.6%
11,17%Nico Rosberg
75.1%
Win % Driver % Correct
15,15%Nino Farina
71.8%
10,34%Alan Jones
70.7%
24,24%Stirling Moss
67.4%
10,87%James Hunt
64.6%
10,00%Jochen Rindt
64.1%
40,00%Bill Vukovich
30.4%
15,79%Tony Brooks
30.4%
14,29%Luigi Fagioli
27.6%
11,11%Johnnie Parsons
21%
12,50%Troy Ruttman
19.9%
50,00%Lee Wallard
19.3%
10,00%Jim Rathmann
18.8%
20,00%Bob Sweikert
17.7%
12,50%Sam Hanks
16.6%
16,67%Pat Flaherty
16%
11,11%Jimmy Bryan
12.7%
10,00%Ludovico Scarfiotti
12.2%

You're not logged in!

Compare scores with friends on all Sporcle quizzes.
Sign Up with Email
OR
Log In

You Might Also Like...

Show Comments

Extras

Top Quizzes Today


Score Distribution

Your Account Isn't Verified!

In order to create a playlist on Sporcle, you need to verify the email address you used during registration. Go to your Sporcle Settings to finish the process.

Report this User

Report this user for behavior that violates our Community Guidelines.

Details: